000 00485nam a22001817a 4500
003 CEME
005 20210628203918.0
008 210305b xxu||||| |||| 00| 0 eng d
020 _a0-07-009290-7
040 _c.
082 _a620.001 BUR'I
100 _aBurton, T.D
_967824
245 _aIntroduction to dynamic systems analysis
260 _aNEWYORK
_bMCGRAW HILL
_c1994
300 _aXIX,700P
650 _aSYSTEMS ENGINEERING DYNAMICS LINEAR SYSTEMS
_967825
942 _cBK
_2ddc
999 _c575522
_d575522